Detalles MARC
| 000 -CABECERA |
| campo de control de longitud fija |
01047cam a2200289 i 4500 |
| 001 - NÚMERO DE CONTROL |
| campo de control |
18280 |
| 003 - IDENTIFICADOR DEL NÚMERO DE CONTROL |
| campo de control |
DO-SdUEMH |
| 005 - FECHA Y HORA DE LA ÚLTIMA TRANSACCIÓN |
| campo de control |
20251226154742.0 |
| 007 - CAMPO FIJO DE DESCRIPCIÓN FÍSICA--INFORMACIÓN GENERAL |
| campo de control de longitud fija |
ta |
| 008 - DATOS DE LONGITUD FIJA--INFORMACIÓN GENERAL |
| campo de control de longitud fija |
251226b2012 mx a|||gri||| 001 0 spa d |
| 020 ## - NÚMERO INTERNACIONAL ESTÁNDAR DEL LIBRO |
| Número Internacional Estándar del Libro |
9786074481600 |
| 040 ## - FUENTE DE LA CATALOGACIÓN |
| Centro catalogador/agencia de origen |
DO-SdUEMH |
| Lengua de catalogación |
spa |
| Normas de descripción |
rda |
| 041 ## - CÓDIGO DE LENGUA |
| Código de lengua del texto/banda sonora o título independiente |
spa |
| Código de lengua original |
eng |
| 082 14 - NÚMERO DE LA CLASIFICACIÓN DECIMAL DEWEY |
| Colección |
Colección General |
| Número de documento/Ítem |
G878p |
| 100 ## - ENTRADA PRINCIPAL--NOMBRE DE PERSONA |
| Término indicativo de función/relación |
autor |
| 245 10 - MENCIÓN DE TÍTULO |
| Título |
Psicología: la ciencia de la mente y la conducta / |
| Mención de responsabilidad, etc. |
Richard D. Gross ; traducción: María Elena Ortiz Salinas |
| 246 ## - FORMA VARIANTE DE TÍTULO |
| Resto del título |
2012 |
| 250 ## - MENCIÓN DE EDICIÓN |
| Mención de edición |
Quinta edición |
| 264 01 - PRODUCCIÓN, PUBLICACIÓN, DISTRIBUCIÓN, FABRICACIÓN Y COPYRIGHT |
| Lugar de producción, publicación, distribución, fabricación |
Mexico, D.F. : |
| Nombre del de productor, editor, distribuidor, fabricante |
El manual moderno, |
| Fecha de producción, publicación, distribución, fabricación o copyright |
2012 |
| 300 ## - DESCRIPCIÓN FÍSICA |
| Extensión |
ix, 738 paginas : |
| Otras características físicas |
Ilustraciones ; |
| Dimensiones |
27 cm |
| 336 ## - TIPO DE CONTENIDO |
| Fuente |
rdacontent |
| Término de tipo de contenido |
texto |
| Código de tipo de contenido |
txt |
| 337 ## - TIPO DE MEDIO |
| Fuente |
rdamedia |
| Nombre del tipo de medio |
sin mediación |
| Código del tipo de medio |
n |
| 338 ## - TIPO DE SOPORTE |
| Fuente |
rdacarrier |
| Nombre del tipo de soporte |
volumen |
| Código del tipo de soporte |
nc |
| 504 ## - NOTA DE BIBLIOGRAFÍA, ETC. |
| Nota de bibliografía, etc. |
Bibliografías al final de los capítulos |
| 505 2# - NOTA DE CONTENIDO CON FORMATO |
| Nota de contenido con formato |
Naturaleza y alcance de la psicología -- Bases biológicas de la conducta y la experiencia -- psicología cognitiva -- psicología del desarrollo -- Diferencias individuales -- Tópicos y debates. |
| 942 ## - ELEMENTOS DE PUNTO DE ACCESO ADICIONAL (KOHA) |
| Fuente del sistema de clasificación o colocación |
Dewey Decimal Classification |
| Suprimir en OPAC |
No |
| Tipo de ítem Koha |
Libro |